| 000 | 00000nam##2200000za#4500 |
| 001 | 9.699023 |
| 003 | CaOODSP |
| 005 | 20241203113638 |
| 007 | cr ||||||||||| |
| 008 | 150407|2005||||xxc|||||o f|0| 0 eng|d |
| 040 | |aCaOODSP|beng |
| 043 | |an-cn--- |
| 086 | 1 |aEn4-53/2005E-PDF |
| 110 | 1 |aCanada. |bEnvironment Canada. |
| 245 | 10|aMaintaining air quality in a transboundary air basin - Georgia Basin-Puget Sound, 2005 report : |h[electronic resource]|ba pilot project under the Canada-United States Border Air Quality Strategy / |cprepared by Environment Canada (EC) and the U.S. Environmental Protection Agency (EPA), with input from Health Canada. |
| 260 | |aOttawa - Ontario : |bEnvironment Canada |c2005. |
| 300 | |a75p.|bcoloured figs., coloured maps, graphs, tables |
| 590 | |a14-08-Supp|b2014-04-10 |
| 690 | 07|aAir quality|2gcpds |
| 775 | 08|tPreservation de la qualité de l'air dans un bassin atmosphérique transfrontalier - le bassin de Géorgie et Puget Sound, rapport de juin 2005 : |w(CaOODSP)9.642992 |
| 856 | 40|ahttp://publications.gc.ca|qPDF|s3.19 MB|uhttps://publications.gc.ca/collections/collection_2014/ec/En4-53-2005-eng.pdf |